| 000 | 00843nam a2200241Ia 4500 | ||
|---|---|---|---|
| 001 | 4226 | ||
| 003 | GE_BSU | ||
| 008 | 181216s||||||||xx |||||||||||||| ||und|| | ||
| 040 | _cGE_BSU | ||
| 080 | _a547(075.8) | ||
| 100 | _aСмолин, А.Н. Рождественская,В.А. | ||
| 245 | _aПрактически работы по органической и биологические химии. | ||
| 245 | _cРед. В.В.Максимова. | ||
| 260 | _aМ. | ||
| 260 | _bУчпедгиз. | ||
| 260 | _c1960. | ||
| 300 | _a175 стр. 20 см. | ||
| 300 | _eТабл. | ||
| 653 | _aПрактически работы по органической и биологические химии. | ||
| 653 | _aბიოლოგიური ქიმია | ||
| 653 | _aორგანული ქიმია | ||
| 942 | _cBK | ||
| 999 |
_c38236 _d38236 |
||